000 00668cab a2200241 4500
001 ABS41800
008 090401t1989 xxu||||| |||| 00| 0 eng d
035 _a(Sirsi) u32523
041 _aeng
100 _aO`Reilly, M.
245 _aBinnie`s second Abbeystead defeat
260 _c1989
350 _a0
490 _aNew Civil Engineer
_v(874) 7 December 1989 21
520 _aDiscusses the law cases emanating from the Abbeystead disaster.
650 _aBINNIE AND PARTNERS
650 _aCONSULTING ENGINEERS
650 _aLIABILITY
650 _aPUMPING STATION
690 _aBUILT ENVIRONMENT-BUILDING PATHOLOGY
942 _n0
948 _c04/03/1997
999 _c21770
_d21770